000 00817nam a22001937a 4500
003 BUBTL
008 210215b xxu||||| |||| 00| 0 eng d
020 _a9789845982719
082 _a954.92 / R1293j
100 _93869
_aনাহিদ, নুরুল ইসলাম
245 _aজয় বাংলা সাক্ষাৎকার ১৯৭০-১৯৭৫ শেখ মুজিবুর রহমান /
_cনুরুল ইসলাম নাহিদ, পিয়াস মজিদ
260 _aঢাকা,
_bচারুলিপি :
_cc2020.
300 _a223 p. :
_bill. ;
_c19 cm.
650 0 _93870
_aবঙ্গবন্ধু
700 _93873
_aমজিদ, পিয়াস
856 _k0
_l0
_yDownload
942 _2ddc
_cBK
999 _c6439
_d6439